Building for industry (Record no. 75508)

MARC details
000 -LEADER
fixed length control field 00566cab a2200181 4500
001 - CONTROL NUMBER
control field L130233
008 - FIXED-LENGTH DATA ELEMENTS--GENERAL INFORMATION
fixed length control field 050704n2005 000 0 eng u
035 ## - SYSTEM CONTROL NUMBER
System control number (Sirsi) u130233
041 ## - LANGUAGE CODE
Language code of text/sound track or separate title eng
100 ## - MAIN ENTRY--PERSONAL NAME
Personal name Horton, Karl
245 ## - TITLE STATEMENT
Title Building for industry
260 ## - PUBLICATION, DISTRIBUTION, ETC.
Date of publication, distribution, etc. 2005
490 ## - SERIES STATEMENT
Series statement QS Week
Volume/sequential designation (10) 29 June 2005, 12-13(2)
520 ## - SUMMARY, ETC.
Summary, etc. Analysis of benchmarking costs for four types of industrial buildings: factories; advanced factories; warehouses and retail warehouses.
590 ## - LOCAL NOTE (RLIN)
Local note IKA040705
690 ## - LOCAL SUBJECT ADDED ENTRY--TOPICAL TERM (OCLC, RLIN)
Topical term or geographic name as entry element BUILT ENVIRONMENT-BUILDING COSTS
942 ## - ADDED ENTRY ELEMENTS (KOHA)
Suppress in OPAC 0
Holdings
Withdrawn status Lost status Source of classification or shelving scheme Damaged status Not for loan Home library Current library Shelving location Date acquired Total Checkouts Full call number Barcode Date last seen Copy number Price effective from Koha item type
    Dewey Decimal Classification     London London Journal article 04/07/2005   L130233 130233-1001 06/08/2019 1 06/08/2019 Journal article